[Event "EUR-ch Seniors 50"]
[Site "Prague"]
[Date "2021.09.06"]
[Round "8.1"]
[White "Richtrova, Eliska"]
[Black "Kachiani Gersinska, Ketino"]
[Result "1-0"]
[WhiteElo "2186"]
[BlackElo "2318"]
[PlyCount "95"]
[EventDate "2021.08.30"]
[EventType "team-tourn"]
[EventRounds "9"]
[EventCountry "CZE"]
[SourceTitle "CBM 204 Extra"]
[Source "ChessBase"]
[SourceDate "2021.11.30"]
[SourceVersion "1"]
[SourceVersionDate "2021.11.30"]
[SourceQuality "1"]
[WhiteTeam "Czech Republic (Women) 50"]
[BlackTeam "Germany (Women) 50"]
[WhiteTeamCountry "CZE"]
[BlackTeamCountry "GER"]

1. e4 c6 2. Nf3 d5 3. Nc3 Bg4 4. h3 Bxf3 5. Qxf3 e6 6. d4 dxe4 7. Qxe4 Nf6 8. Qh4 Qb6 9. Bd3 Na6 10. a3 0-0-0 11. Ne2 h6 12. 0-0 g5 13. Bxg5 hxg5 14. Qxh8 Be7 15. Qg7 Rg8 16. Qxf7 Kd7 17. Bxa6 Qxa6 18. Ng3 Rf8 19. Qg7 Rg8 20. Qh6 Qc4 21. Rae1 Qxc2 22. Ne4 Nxe4 23. Qh7 Rf8 24. Qxe4 Qxe4 25. Rxe4 Bd6 26. Rfe1 Rf6 27. h4 gxh4 28. Rxh4 Be7 29. Rhe4 b5 30. g3 a5 31. Kg2 a4 32. R1e2 Bd8 33. f4 Rh6 34. g4 Bc7 35. g5 Rh4 36. Kg3 Rh1 37. Rh2 Rf1 38. Rh7+ Kd6 39. Rxc7 Kxc7 40. Rxe6 Kd7 41. Re2 Kd6 42. g6 Rg1+ 43. Rg2 Re1 44. f5 Re8 45. f6 Rg8 46. Kf4 Ke6 47. Kg5 Rd8 48. Re2+ 1-0

[Event "German Masters (Women)"]
[Site "Magdeburg"]
[Date "2021.07.29"]
[Round "7"]
[White "Kachiani Gersinska, Ketino"]
[Black "Muetsch, Annmarie"]
[Result "0-1"]
[WhiteElo "2318"]
[BlackElo "2297"]
[PlyCount "86"]
[EventDate "2021.07.23"]
[EventType "tourn"]
[EventRounds "9"]
[EventCountry "GER"]
[EventCategory "2"]
[SourceTitle "CBM 203 Extra"]
[Source "ChessBase"]
[SourceDate "2021.09.30"]
[SourceVersion "1"]
[SourceVersionDate "2021.09.30"]
[SourceQuality "1"]

1. Nf3 d6 2. d4 g6 3. g3 Bg7 4. Bg2 Nf6 5. 0-0 0-0 6. a4 a5 7. Nc3 Nc6 8. h3 Bd7 9. e4 Qc8 10. Kh2 e5 11. Be3 exd4 12. Nxd4 Ne5 13. b3 h5 14. Bg5 Nc6 15. Nxc6 Bxc6 16. Qd2 Re8 17. Rae1 Nh7 18. Bh6 Bh8 19. Nd5 Bxd5 20. exd5 Qf5 21. Rxe8+ Rxe8 22. Re1 Rxe1 23. Qxe1 Nf6 24. Qd2 b6 25. Bg5 Bg7 26. Kg1 Nd7 27. Bd8 Qe5 28. Bxc7 h4 29. g4 Qa1+ 30. Kh2 Be5+ 31. f4 Bd4 32. Bf1 Qxf1 33. Qxd4 Qe2+ 34. Kg1 Qe1+ 35. Kg2 Qg3+ 36. Kf1 Qxh3+ 37. Ke1 Qg3+ 38. Kd2 h3 39. Bxd6 Qg2+ 40. Kc3 Qf3+ 41. Kb2 h2 42. Qc4 h1Q 43. Qc8+ Kh7 0-1

[Event "German Masters (Women)"]
[Site "Magdeburg"]
[Date "2021.07.28"]
[Round "6"]
[White "Klek, Hanna Marie"]
[Black "Kachiani Gersinska, Ketino"]
[Result "1/2-1/2"]
[WhiteElo "2265"]
[BlackElo "2318"]
[PlyCount "152"]
[EventDate "2021.07.23"]
[EventType "tourn"]
[EventRounds "9"]
[EventCountry "GER"]
[EventCategory "2"]
[SourceTitle "CBM 203 Extra"]
[Source "ChessBase"]
[SourceDate "2021.09.30"]
[SourceVersion "1"]
[SourceVersionDate "2021.09.30"]
[SourceQuality "1"]

1. e4 e5 2. Nf3 Nc6 3. Bb5 a6 4. Ba4 Nf6 5. Nc3 b5 6. Bb3 Bd6 7. 0-0 0-0 8. a4 b4 9. Nd5 Nxe4 10. d4 Kh8 11. Qe1 f5 12. dxe5 Nxe5 13. Nxe5 Bxe5 14. f3 Bd4+ 15. Be3 Bxe3+ 16. Qxe3 Nf6 17. Nxb4 a5 18. Nd3 d6 19. Nf4 Re8 20. Qc3 Bd7 21. Rfe1 c6 22. Qd4 Qc7 23. Rxe8+ Bxe8 24. Kh1 d5 25. Re1 Bf7 26. Nd3 Re8 27. Rxe8+ Bxe8 28. Qc5 Kg8 29. Ba2 Bf7 30. b4 axb4 31. Qxb4 Nd7 32. Qe7 Qc8 33. a5 h6 34. h3 c5 35. a6 Qxa6 36. Bxd5 Bxd5 37. Qxd7 Bc4 38. Qxf5 Bxd3 39. Qd5+ Kf8 40. Qxc5+ Ke8 41. Qe3+ Kf7 42. Qxd3 Qa1+ 43. Kh2 Qe5+ 44. g3 Qc5 45. Kg2 h5 46. c4 Kf6 47. f4 Qb4 48. Qd4+ Kf7 49. Qd5+ Kf8 50. Qf5+ Kg8 51. Qe6+ Kf8 52. Kf3 Qc3+ 53. Ke4 Qxg3 54. c5 Qg2+ 55. Ke5 Qb2+ 56. Kf5 Qc2+ 57. Kg5 Qxc5+ 58. Qe5 Qa3 59. Qf5+ Kg8 60. Qc8+ Kf7 61. Kxh5 Qf3+ 62. Qg4 Qd5+ 63. Qg5 Qf3+ 64. Kh4 Qf2+ 65. Qg3 Qe2 66. Qb3+ Kg6 67. Qb6+ Kh7 68. Qc5 Qe1+ 69. Kg4 Qd1+ 70. Kg3 Qd3+ 71. Kh4 Qd8+ 72. Qg5 Qd4 73. Qh5+ Kg8 74. Qe5 Qf2+ 75. Kh5 Qf3+ 76. Kh4 Qf2+ 1/2-1/2

[Event "German Masters (Women)"]
[Site "Magdeburg"]
[Date "2021.07.23"]
[Round "1"]
[White "Kachiani Gersinska, Ketino"]
[Black "Schulze, Lara"]
[Result "1/2-1/2"]
[WhiteElo "2318"]
[BlackElo "2269"]
[PlyCount "92"]
[EventDate "2021.07.23"]
[EventType "tourn"]
[EventRounds "9"]
[EventCountry "GER"]
[EventCategory "2"]
[SourceTitle "CBM 203 Extra"]
[Source "ChessBase"]
[SourceDate "2021.09.30"]
[SourceVersion "1"]
[SourceVersionDate "2021.09.30"]
[SourceQuality "1"]

1. Nf3 Nf6 2. g3 d5 3. Bg2 c6 4. 0-0 Bg4 5. d4 e6 6. c4 Nbd7 7. cxd5 exd5 8. Nc3 Bd6 9. Ne1 0-0 10. f3 Bh5 11. Qb3 Qb6 12. Qxb6 Nxb6 13. e4 dxe4 14. fxe4 Bb4 15. Bg5 Nc4 16. Nc2 Ba5 17. Bxf6 gxf6 18. Rxf6 Bg6 19. b4 Bb6 20. Na4 Na3 21. Nxb6 Nxc2 22. Nxa8 Nxa1 23. b5 Rc8 24. bxc6 bxc6 25. g4 Nc2 26. h4 Nxd4 27. h5 Rxa8 28. hxg6 hxg6 29. Bf1 Kg7 30. e5 Rc8 31. Bc4 Rc7 32. Kf2 c5 33. g5 Re7 34. Kg3 Ne6 35. Bxe6 Rxe6 36. Kf4 Kf8 37. Ke4 Ke7 38. Kd5 Rxf6 39. exf6+ Kd7 40. Kxc5 Kc7 41. Kb5 Kb7 42. a3 Kc7 43. Kc5 Kd7 44. a4 Kc7 45. Kd5 Kd7 46. Kc5 Kc7 1/2-1/2

[Event "Vani Khurtsidze Memorial"]
[Site "Vani"]
[Date "2019.09.18"]
[Round "8"]
[White "Mamedjarova, Zeinab"]
[Black "Kachiani Gersinska, Ketino"]
[Result "1-0"]
[WhiteElo "2300"]
[BlackElo "2317"]
[PlyCount "99"]
[EventDate "2019.09.17"]
[EventType "tourn"]
[EventRounds "9"]
[EventCountry "GEO"]
[EventCategory "4"]
[SourceTitle "EXT 2020"]
[Source "ChessBase"]
[SourceDate "2019.10.17"]
[SourceVersion "1"]
[SourceVersionDate "2019.10.17"]
[SourceQuality "1"]

1. d4 Nf6 2. Nf3 g6 3. c4 Bg7 4. Nc3 0-0 5. e3 d6 6. Be2 c5 7. 0-0 Nc6 8. h3 cxd4 9. exd4 d5 10. Bg5 Be6 11. c5 Ne4 12. Bf4 a6 13. Na4 g5 14. Bh2 f5 15. Nb6 g4 16. Ne5 g3 17. Bxg3 Nxg3 18. Nxc6 bxc6 19. fxg3 Rb8 20. Bxa6 Rxb6 21. cxb6 Qxb6 22. Qe2 Bxd4+ 23. Kh2 Bf7 24. Rxf5 Qxb2 25. Qxb2 Bxb2 26. Raf1 Bf6 27. Bb7 Be6 28. R5f3 c5 29. Re1 Bf7 30. Rf5 Rd8 31. a4 Rd7 32. Rb1 Bc3 33. Rb5 e6 34. Rg5+ Bg6 35. Bc8 Rd6 36. Rxc5 d4 37. Bb7 Kf7 38. a5 Bd3 39. Bf3 Kf6 40. Rg8 Ba6 41. Rf8+ Ke7 42. Rh8 Bd3 43. Rc7+ Kf6 44. Rf8+ Kg6 45. Ra8 e5 46. Rc6 Rxc6 47. Bxc6 e4 48. a6 Bxa6 49. Bxe4+ Kf6 50. Rxa6+ 1-0

[Event "Vani Khurtsidze Memorial"]
[Site "Vani"]
[Date "2019.09.17"]
[Round "2"]
[White "Kachiani Gersinska, Ketino"]
[Black "Dzagnidze, Nana"]
[Result "0-1"]
[WhiteElo "2317"]
[BlackElo "2502"]
[PlyCount "74"]
[EventDate "2019.09.17"]
[EventType "tourn"]
[EventRounds "9"]
[EventCountry "GEO"]
[EventCategory "4"]
[SourceTitle "EXT 2020"]
[Source "ChessBase"]
[SourceDate "2019.10.17"]
[SourceVersion "1"]
[SourceVersionDate "2019.10.17"]
[SourceQuality "1"]

1. d4 e6 2. c4 b6 3. e4 Bb7 4. Bd3 f5 5. exf5 Bb4+ 6. Kf1 Nf6 7. Nf3 0-0 8. c5 bxc5 9. a3 c4 10. Bxc4 Ba5 11. Bg5 Kh8 12. h4 Bxf3 13. Qxf3 Nc6 14. fxe6 Nxd4 15. Qd3 Bb6 16. Nc3 dxe6 17. Na4 Qd6 18. Nxb6 axb6 19. Bxf6 Rxf6 20. Rd1 c5 21. Ba2 Raf8 22. Rd2 Qf4 23. Rh3 Rh6 24. h5 Qg4 25. Kg1 Rxh5 26. f3 Qg5 27. Rxh5 Qxh5 28. Bb1 g6 29. Qe4 Qg5 30. Rf2 Qc1+ 31. Kh2 Rf4 32. Qe5+ Kg8 33. Kg3 Rf8 34. Be4 Qe3 35. Rf1 Ne2+ 36. Kh3 Qh6+ 37. Kg4 Rf4+ 0-1

[Event "German Masters (Women) 4th"]
[Site "Magdeburg"]
[Date "2019.06.01"]
[Round "7"]
[White "Klek, Hanna Marie"]
[Black "Kachiani Gersinska, Ketino"]
[Result "1/2-1/2"]
[WhiteElo "2325"]
[BlackElo "2305"]
[PlyCount "40"]
[EventDate "2019.05.26"]
[EventType "tourn"]
[EventRounds "7"]
[EventCountry "GER"]
[EventCategory "2"]
[SourceTitle "CBM 190 Extra"]
[Source "ChessBase"]
[SourceDate "2019.07.15"]
[SourceVersion "1"]
[SourceVersionDate "2019.07.15"]
[SourceQuality "1"]

1. e4 e5 2. Nf3 Nc6 3. d4 exd4 4. Nxd4 Nf6 5. Nc3 Bb4 6. Nxc6 bxc6 7. Bd3 d5 8. exd5 cxd5 9. 0-0 0-0 10. h3 c6 11. Qf3 Bd6 12. Re1 Rb8 13. Rb1 Be6 14. Ne2 c5 15. c3 d4 16. c4 Bc8 17. Bg5 Bb7 18. Qf5 Bc8 19. Qf3 Bb7 20. Qf5 Bc8 1/2-1/2

[Event "German Masters (Women) 4th"]
[Site "Magdeburg"]
[Date "2019.05.28"]
[Round "3"]
[White "Kachiani Gersinska, Ketino"]
[Black "Hoolt, Sarah"]
[Result "1/2-1/2"]
[WhiteElo "2305"]
[BlackElo "2321"]
[PlyCount "84"]
[EventDate "2019.05.26"]
[EventType "tourn"]
[EventRounds "7"]
[EventCountry "GER"]
[EventCategory "2"]
[SourceTitle "CBM 190 Extra"]
[Source "ChessBase"]
[SourceDate "2019.07.15"]
[SourceVersion "1"]
[SourceVersionDate "2019.07.15"]
[SourceQuality "1"]

1. c4 c5 2. Nf3 g6 3. d4 cxd4 4. Nxd4 Bg7 5. e4 Nc6 6. Be3 Nf6 7. Nc3 d6 8. Be2 0-0 9. f3 Bd7 10. Qd2 Nxd4 11. Bxd4 Bc6 12. Rc1 a5 13. b3 Nd7 14. 0-0 Nc5 15. Bxg7 Kxg7 16. Rfd1 Qb6 17. Qd4+ e5 18. Qe3 Rad8 19. Rd2 Rd7 20. Rcd1 Rfd8 21. Rb1 Qb4 22. Kf2 Rf8 23. Kg1 Ne6 24. Nd5 Bxd5 25. Rxd5 Nd4 26. c5 Rfd8 27. cxd6 Rxd6 28. Bc4 b5 29. Rxd6 Qxd6 30. Bd5 Rc8 31. a4 Rc2 32. Kh1 b4 33. Bc4 Ne6 34. Qa7 Kf6 35. Rg1 Qc7 36. Qa6 Rd2 37. Bd5 Qc5 38. Bxe6 fxe6 39. Qa8 Kg7 40. Qb7+ Kg8 41. Qa8+ Kg7 42. Qb7+ Kg8 1/2-1/2

[Event "BL2-Sued 1819"]
[Site "Germany"]
[Date "2019.03.22"]
[Round "4.8"]
[White "Kachiani Gersinska, Ketino"]
[Black "Burri, Quentin"]
[Result "1/2-1/2"]
[WhiteElo "2304"]
[BlackElo "2422"]
[PlyCount "45"]
[EventDate "2018.11.10"]
[EventType "team-tourn"]
[EventRounds "10"]
[EventCountry "GER"]
[SourceTitle "CBM 190 Extra"]
[Source "ChessBase"]
[SourceDate "2019.07.15"]
[SourceVersion "1"]
[SourceVersionDate "2019.07.15"]
[SourceQuality "1"]
[WhiteTeam "Baden-Baden II"]
[BlackTeam "Emmendingen"]
[WhiteTeamCountry "GER"]
[BlackTeamCountry "GER"]

1. Nf3 c5 2. c4 Nc6 3. g3 e5 4. Nc3 g6 5. a3 Bg7 6. Rb1 Nge7 7. Bg2 a5 8. d3 0-0 9. Bg5 f6 10. Bd2 d6 11. 0-0 Be6 12. Qb3 Qd7 13. Rfc1 Rfd8 14. Qd1 Rab8 15. Ne1 b6 16. Nd5 Bf7 17. b4 axb4 18. axb4 Nxd5 19. cxd5 Ne7 20. e4 Ra8 21. bxc5 bxc5 22. Nc2 Ra2 23. Ne3 1/2-1/2

[Event "German Masters (Women) 3rd"]
[Site "Dresden"]
[Date "2018.08.08"]
[Round "5"]
[White "Klek, Hanna Marie"]
[Black "Kachiani Gersinska, Ketino"]
[Result "1/2-1/2"]
[WhiteElo "2268"]
[BlackElo "2347"]
[PlyCount "129"]
[EventDate "2018.08.04"]
[EventType "tourn"]
[EventRounds "9"]
[EventCountry "GER"]
[EventCategory "3"]
[SourceTitle "CBM 185 Extra"]
[Source "ChessBase"]
[SourceDate "2018.07.29"]
[SourceVersion "1"]
[SourceVersionDate "2018.07.29"]
[SourceQuality "1"]

1. e4 e5 2. Nf3 Nc6 3. Bc4 Bc5 4. 0-0 Nf6 5. d3 a6 6. a4 0-0 7. c3 Ba7 8. h3 h6 9. Re1 d6 10. Na3 Be6 11. Be3 Bxc4 12. Nxc4 b5 13. Na3 Bxe3 14. Rxe3 Rb8 15. b4 Ne7 16. axb5 axb5 17. d4 Ng6 18. Nc2 Ra8 19. Nd2 Re8 20. Re1 Rxa1 21. Qxa1 Nf4 22. Qa6 Qa8 23. Ra1 Qxa6 24. Rxa6 Ne2+ 25. Kf1 Nxc3 26. f3 d5 27. Rc6 Na4 28. Rxc7 dxe4 29. fxe4 exd4 30. Nxd4 Nxe4 31. Nxe4 Rxe4 32. Nxb5 Rxb4 33. Nd6 Rf4+ 34. Ke2 Nb6 35. Rc5 Nd7 36. Rc8+ Nf8 37. Ke3 Rf6 38. Ne4 Re6 39. Kf3 g6 40. Rd8 Kg7 41. Nd6 f5 42. g4 fxg4+ 43. hxg4 Rf6+ 44. Kg3 Rf1 45. Re8 Rg1+ 46. Kh3 Rd1 47. Re7+ Kf6 48. Rf7+ Ke6 49. Rxf8 Rxd6 50. Rh8 Ke5 51. Rxh6 Kf4 52. Rh8 Rd3+ 53. Kg2 Rd2+ 54. Kf1 Kxg4 55. Ra8 Kh3 56. Rg8 Rd6 57. Kf2 Kg4 58. Kg2 g5 59. Ra8 Rd2+ 60. Kg1 Kh4 61. Ra3 g4 62. Rb3 g3 63. Rb8 Rd1+ 64. Kg2 Rd2+ 65. Kg1 1/2-1/2

[Event "German Masters (Women) 3rd"]
[Site "Dresden"]
[Date "2018.08.05"]
[Round "2"]
[White "Kachiani Gersinska, Ketino"]
[Black "Osmanodja, Filiz"]
[Result "0-1"]
[WhiteElo "2347"]
[BlackElo "2350"]
[PlyCount "130"]
[EventDate "2018.08.04"]
[EventType "tourn"]
[EventRounds "9"]
[EventCountry "GER"]
[EventCategory "3"]
[SourceTitle "CBM 185 Extra"]
[Source "ChessBase"]
[SourceDate "2018.07.29"]
[SourceVersion "1"]
[SourceVersionDate "2018.07.29"]
[SourceQuality "1"]

1. Nf3 c5 2. g3 Nc6 3. Bg2 d5 4. d3 e5 5. 0-0 Nf6 6. Nbd2 Bf5 7. Nh4 Bg4 8. h3 Be6 9. e4 Qd7 10. exd5 Nxd5 11. Kh2 Be7 12. Nhf3 0-0 13. Re1 f6 14. Nc4 Rad8 15. Bd2 b5 16. Na5 Nd4 17. c3 Nf5 18. a4 b4 19. Qe2 Nb6 20. g4 Nh6 21. d4 cxd4 22. cxd4 Nf7 23. dxe5 fxe5 24. Qb5 Bd5 25. Qxd7 Rxd7 26. Be3 b3 27. Rec1 Bb4 28. Nc6 Bxc6 29. Rxc6 e4 30. Nd4 Ne5 31. Re6 Nd3 32. Nf5 Nc4 33. Rxe4 Ncxb2 34. Rb1 Bc3 35. Bd4 Rxf5 36. Bxc3 Rxf2 37. Kg1 Rc2 38. Bd4 h6 39. a5 a6 40. Bf1 Rc4 41. Re6 Rdxd4 42. Rxa6 Rc1 43. Ra8+ Kh7 44. Rxc1 Nxc1 45. a6 Nbd3 46. Rb8 b2 47. Bg2 Ra4 48. h4 Rxa6 49. Be4+ g6 50. h5 Kg7 51. Rb7+ Kf6 52. hxg6 Ra7 53. g5+ hxg5 54. g7 b1Q 55. g8N+ Ke5 56. Rxb1 Kxe4 57. Rb5 Ne2+ 58. Kf1 Nef4 59. Kg1 Ra1+ 60. Kh2 Ra2+ 61. Kg1 Rg2+ 62. Kf1 Rf2+ 63. Kg1 Ne2+ 64. Kh1 Ng3+ 65. Kg1 Kf3 0-1

[Event "German Masters (Women) 3rd"]
[Site "Dresden"]
[Date "2018.08.04"]
[Round "1"]
[White "Schleining, Zoya"]
[Black "Kachiani Gersinska, Ketino"]
[Result "1/2-1/2"]
[WhiteElo "2397"]
[BlackElo "2347"]
[PlyCount "74"]
[EventDate "2018.08.04"]
[EventType "tourn"]
[EventRounds "9"]
[EventCountry "GER"]
[EventCategory "3"]
[SourceTitle "CBM 185 Extra"]
[Source "ChessBase"]
[SourceDate "2018.07.29"]
[SourceVersion "1"]
[SourceVersionDate "2018.07.29"]
[SourceQuality "1"]

1. d4 Nf6 2. Nf3 g6 3. Bg5 Bg7 4. Nbd2 d5 5. e3 0-0 6. Be2 Nbd7 7. Bh4 Re8 8. 0-0 e5 9. Nb3 Qe7 10. c3 c6 11. Rc1 h6 12. c4 exd4 13. Nbxd4 dxc4 14. Bxc4 Nb6 15. Bb3 c5 16. Nb5 Rd8 17. Qc2 c4 18. Bxc4 Bf5 19. Qb3 Nxc4 20. Rxc4 Be6 21. Qb4 Qxb4 22. Rxb4 Bxa2 23. Nc3 Be6 24. Nd4 Rd7 25. Nxe6 fxe6 26. Ra1 Rc8 27. Kf1 b6 28. Bxf6 Bxf6 29. Ne4 Bg7 30. g4 Rc2 31. Rb1 g5 32. Kg2 Rdc7 33. b3 Rd7 34. Kf3 Rf7+ 35. Kg2 Rd7 36. Kf3 Rf7+ 37. Kg2 Rd7 1/2-1/2

[Event "BL2-Sued 1718"]
[Site "Germany"]
[Date "2018.02.25"]
[Round "10.8"]
[White "Kachiani Gersinska, Ketino"]
[Black "Wrede, Michael"]
[Result "1-0"]
[WhiteElo "2338"]
[BlackElo "2178"]
[PlyCount "74"]
[EventDate "2017.10.21"]
[EventType "team-tourn"]
[EventRounds "10"]
[EventCountry "GER"]
[SourceTitle "CBM 183 Extra"]
[Source "ChessBase"]
[SourceDate "2018.04.19"]
[SourceVersion "1"]
[SourceVersionDate "2018.04.19"]
[SourceQuality "1"]
[WhiteTeam "Baden-Baden II"]
[BlackTeam "Moerlenbach Birkenau"]
[WhiteTeamCountry "GER"]
[BlackTeamCountry "GER"]

1. d4 e6 2. c4 f5 3. g3 Nf6 4. Bg2 d5 5. Nh3 c6 6. Qc2 Bd6 7. 0-0 0-0 8. Bf4 Na6 9. Nd2 Nc7 10. Rad1 Qe7 11. Nf3 Bd7 12. Ne5 dxc4 13. Nxc4 Bxf4 14. Nxf4 Ncd5 15. Nd3 Be8 16. Na5 Qc7 17. Qd2 Bf7 18. b4 Rab8 19. Rc1 a6 20. a3 Rfe8 21. Rc2 Qb6 22. Ne5 Rbd8 23. Rfc1 Ne7 24. e3 Nfd5 25. h3 Rf8 26. Qe2 Be8 27. Nb3 Bd7 28. f4 Bc8 29. g4 Qc7 30. Na5 Qb6 31. Kh1 g5 32. fxg5 f4 33. Nac4 Qa7 34. e4 f3 35. Nxf3 Nf4 36. Qe3 Neg6 37. e5 Nxg2 1-0